El mantenimiento de los servicios esenciales de la comunidad (Registro nro. 50450)
[ vista simple ]
| 000 -CABECERA | |
|---|---|
| Longitud fija campo de control | 01280naa a2200325 c 4500 |
| 001 - NÚMERO DE CONTROL | |
| Número de control | 50450 |
| 003 - IDENTIFICADOR DE NÚMERO DE CONTROL | |
| Identificador del número de control | ES-MaCES |
| 005 - FECHA Y HORA DE LA ÚLTIMA TRANSACCIÓN | |
| Fecha y hora de la última transacción | 20171227123502.0 |
| 008 - CAMPO FIJO DE DESCRIPCIÓN FIJA--INFORMACIÓN GENERAL | |
| Códigos de información de longitud fija | 171226s2017 sp ||||| t||||||| ||spa d |
| 040 ## - FUENTE DE CATALOGACIÓN | |
| Centro catalogador de origen | ES-MaCES |
| Lengua de catalogación | spa |
| Centro transcriptor | ES-MaCES |
| Centro modificado | ES-MaCES |
| 100 ## - ENCABEZAMIENTO PRINCIPAL--NOMBRE PERSONAL | |
| 9 (RLIN) | 38866 |
| Nombre de persona | Cordero González, Julio |
| 245 13 - MENCIÓN DE TÍTULO | |
| Título | El mantenimiento de los servicios esenciales de la comunidad |
| Resto del título | :un balance |
| Mención de responsabilidad, etc. | Julio Cordero González, Juan Bautista Vivero Serrano |
| 650 #4 - ASIENTO SECUNDARIO DE MATERIA--TÉRMINO DE MATERIA | |
| 9 (RLIN) | 28377 |
| Término de materia o nombre geográfico como elemento inicial | sindicato |
| 650 #4 - ASIENTO SECUNDARIO DE MATERIA--TÉRMINO DE MATERIA | |
| 9 (RLIN) | 29453 |
| Término de materia o nombre geográfico como elemento inicial | sindicalismo |
| 650 #4 - ASIENTO SECUNDARIO DE MATERIA--TÉRMINO DE MATERIA | |
| 9 (RLIN) | 28379 |
| Término de materia o nombre geográfico como elemento inicial | representación de los trabajadores |
| 650 #4 - ASIENTO SECUNDARIO DE MATERIA--TÉRMINO DE MATERIA | |
| 9 (RLIN) | 29924 |
| Término de materia o nombre geográfico como elemento inicial | derechos de los trabajadores |
| 650 #4 - ASIENTO SECUNDARIO DE MATERIA--TÉRMINO DE MATERIA | |
| 9 (RLIN) | 29470 |
| Término de materia o nombre geográfico como elemento inicial | derechos sindicales |
| 650 #4 - ASIENTO SECUNDARIO DE MATERIA--TÉRMINO DE MATERIA | |
| 9 (RLIN) | 27177 |
| Término de materia o nombre geográfico como elemento inicial | libertad sindical |
| 650 #4 - ASIENTO SECUNDARIO DE MATERIA--TÉRMINO DE MATERIA | |
| 9 (RLIN) | 29350 |
| Término de materia o nombre geográfico como elemento inicial | derecho de huelga |
| 650 #4 - ASIENTO SECUNDARIO DE MATERIA--TÉRMINO DE MATERIA | |
| 9 (RLIN) | 29507 |
| Término de materia o nombre geográfico como elemento inicial | servicio esencial |
| 650 #4 - ASIENTO SECUNDARIO DE MATERIA--TÉRMINO DE MATERIA | |
| 9 (RLIN) | 30413 |
| Término de materia o nombre geográfico como elemento inicial | servicio mínimo |
| 650 #4 - ASIENTO SECUNDARIO DE MATERIA--TÉRMINO DE MATERIA | |
| 9 (RLIN) | 30768 |
| Término de materia o nombre geográfico como elemento inicial | Comunidades Autónomas |
| 650 #4 - ASIENTO SECUNDARIO DE MATERIA--TÉRMINO DE MATERIA | |
| 9 (RLIN) | 27165 |
| Término de materia o nombre geográfico como elemento inicial | derecho del trabajo |
| 650 #4 - ASIENTO SECUNDARIO DE MATERIA--TÉRMINO DE MATERIA | |
| 9 (RLIN) | 27166 |
| Término de materia o nombre geográfico como elemento inicial | legislación del trabajo |
| 653 10 - TÉRMINO DE INDEXACIÓN--NO CONTROLADO | |
| Término no controlado | Relaciones laborales-Empleo |
| 700 1# - ENCABEZAMIENTO SECUNDARIO--NOMBRE PERSONAL | |
| 9 (RLIN) | 26026 |
| Nombre de persona | Vivero Serrano, Juan Bautista |
| 773 0# - ENTRADA DE DOCUMENTO FUENTE | |
| Itemnumber del ítem fuente | 86618 |
| Encabezamiento principal | Treviño Pascula, Mariano |
| Lugar, editor y fecha de publicación | Granada Comares 2017 |
| Otro identificador del documento | 089515 |
| Título | Sindicalismo y democracia |
| Número de control del registro relacionado | (ES-MaCES)49994 |
| Número Internacional Normalizado para Libros (ISBN) | 9788490455302 |
| Parte(s) relacionada(s) | p.651-666. - SR-6.0.1.-39 |
| 902 ## - CES. TIPO DE DOCUMENTO | |
| Tipodoc (006$c Sirtex) | ARL Artículo de libro |
| 942 ## - ELEMENTOS KOHA | |
| Fuente de clasificaión o esquema | Clasificación propia del CES |
| Koha [por defecto] tipo de item | Artículos (1982-2017) |
| Parte de clasificación | Relaciones Laborales y Rel. Lab.- Empleo |
No hay ítems disponibles.
